[Event "Montcalm VI 2004-05"]
[Site "Quebec CAN"]
[Date "2005.04.14"]
[Round "4"]
[White "Lapierre, Gaetan"]
[Black "Auger, Bertrand"]
[Result "0-1"]
[WhiteElo "1881"]
[BlackElo "1892"]
[PlyCount "62"]
[GameId "2160767910965389"]
[EventDate "2005.03.24"]
[EventType "tourn"]
[EventRounds "5"]
[EventCountry "CAN"]

1. e4 e6 2. d4 d5 3. e5 c5 4. c3 Nc6 5. a3 Nge7 6. b4 cxd4 7. cxd4 Bd7 8. Nf3 Qb6 9. Nc3 a6 10. Na4 Qc7 11. Nc5 Nb8 12. Nxd7 Nxd7 13. Bg5 f6 14. Rc1 Qb6 15. exf6 gxf6 16. Bf4 Nc6 17. Be3 Bg7 18. Be2 O-O 19. Qd2 f5 20. g3 Nf6 21. Ng5 Ne4 22. Nxe4 fxe4 23. Rd1 Rad8 24. O-O Kh8 25. f3 e5 26. fxe4 exd4 27. Rxf8+ Rxf8 28. exd5 dxe3 29. Qd3 Nd4 30. Re1 Qf6 31. Qxe3 Nc2 0-1

[Event "Montcalm VI 2004-05"]
[Site "Quebec CAN"]
[Date "2005.04.14"]
[Round "4"]
[White "Lessard, Claude"]
[Black "Hebert, Marc"]
[Result "0-1"]
[WhiteElo "1868"]
[BlackElo "1761"]
[PlyCount "66"]
[GameId "2160767910965390"]
[EventDate "2005.03.24"]
[EventType "tourn"]
[EventRounds "5"]
[EventCountry "CAN"]

1. d4 e6 2. Nf3 c5 3. e3 Nf6 4. Bd3 Nc6 5. c3 d5 6. Nbd2 Qc7 7. O-O Bd6 8. e4 dxe4 9. Nxe4 Nxe4 10. Bxe4 Bd7 11. Be3 cxd4 12. cxd4 f5 13. d5 fxe4 14. dxc6 Bxc6 15. Nd4 Bd5 16. Nb5 Bxh2+ 17. Kh1 Qe5 18. Bd4 Qg5 19. Kxh2 O-O 20. Nc7 Qf4+ 21. g3 Qxc7 22. Rc1 Qd7 23. Be3 Rf3 24. Kg2 Raf8 25. Rh1 Qf7 26. Qe2 Bxa2 27. Rh4 Bd5 28. Rch1 h6 29. Rg4 Kh7 30. Rh2 a6 31. Qd2 Qf5 32. Rgh4 Rxg3+ 33. fxg3 Qf1# 0-1

[Event "Montcalm VI 2004-05"]
[Site "Quebec CAN"]
[Date "2005.04.14"]
[Round "4"]
[White "Sauve, Richard"]
[Black "Lemieux, Pierre"]
[Result "1-0"]
[WhiteElo "1927"]
[BlackElo "1887"]
[PlyCount "57"]
[GameId "2160767910965391"]
[EventDate "2005.03.24"]
[EventType "tourn"]
[EventRounds "5"]
[EventCountry "CAN"]

1. d4 Nf6 2. c4 g6 3. Nc3 Bg7 4. e4 d6 5. f3 O-O 6. Be3 Nc6 7. Nge2 e5 8. d5 Ne7 9. Qd2 Nd7 10. g4 f5 11. gxf5 gxf5 12. O-O-O f4 13. Bf2 Ng6 14. h4 h5 15. Bh3 Nb6 16. Bxc8 Rxc8 17. b3 Nd7 18. Rdg1 Kh7 19. Rg5 Kh6 20. Rhg1 Rf6 21. Ng3 Nxh4 22. Rxh5+ Kg6 23. Nf5+ Kxh5 24. Nxg7+ Kh6 25. Bxh4 Kh7 26. Ne6 Qe8 27. Rg7+ Kh8 28. Rxd7 Rxe6 29. Bf6+ 1-0

[Event "Montcalm VI 2004-05"]
[Site "Quebec CAN"]
[Date "2005.04.21"]
[Round "5"]
[White "Bender, Karl"]
[Black "Cummins, Paul"]
[Result "0-1"]
[WhiteElo "1575"]
[BlackElo "1643"]
[PlyCount "86"]
[GameId "2160767910965392"]
[EventDate "2005.03.24"]
[EventType "tourn"]
[EventRounds "5"]
[EventCountry "CAN"]

1. d4 d5 2. Nf3 c6 3. Nbd2 Nf6 4. c4 e6 5. e3 Nbd7 6. Bd3 dxc4 7. Nxc4 b5 8. Nce5 Bb7 9. e4 Qb6 10. Be3 Bb4+ 11. Kf1 Qc7 12. Rc1 a6 13. a3 Bd6 14. Nxc6 Bxc6 15. e5 Nd5 16. Be4 Qb7 17. Bxd5 Bxd5 18. exd6 Rc8 19. Rc5 Nxc5 20. dxc5 O-O 21. b4 Rfd8 22. h4 f6 23. Rh2 a5 24. Ne1 axb4 25. axb4 Qa6 26. g4 Ra8 27. g5 f5 28. Bd4 Rd7 29. Nf3 Rad8 30. Ne5 Bc4+ 31. Kg1 Rxd6 32. cxd6 Qxd6 33. Nf3 Bd5 34. Bc5 Qf4 35. Nd4 Ra8 36. Nxb5 Bf3 37. Qe1 Qg4+ 38. Kf1 Be2+ 39. Qxe2 Ra1+ 40. Qe1 Qc4+ 41. Kg2 Rxe1 42. Nd4 e5 43. Nf3 Qg4# 0-1

[Event "Montcalm VI 2004-05"]
[Site "Quebec CAN"]
[Date "2005.04.21"]
[Round "5"]
[White "Bourassa, Samuel"]
[Black "Gaudreau, Eric"]
[Result "1-0"]
[WhiteElo "1600"]
[BlackElo "1580"]
[PlyCount "73"]
[GameId "2160767910965393"]
[EventDate "2005.03.24"]
[EventType "tourn"]
[EventRounds "5"]
[EventCountry "CAN"]

1. e4 e6 2. d4 d5 3. exd5 exd5 4. Bd3 Nc6 5. c3 Bd6 6. Nf3 Nge7 7. O-O O-O 8. Ne5 Bf5 9. f4 h6 10. Nf3 Bxd3 11. Qxd3 Qd7 12. Nbd2 Qf5 13. Ne5 Qxd3 14. Nxd3 Rfe8 15. Nf3 Nf5 16. Nfe5 f6 17. Nxc6 bxc6 18. Kf2 Re4 19. g4 Ne7 20. Bd2 Ng6 21. Kg3 Rae8 22. h4 Re2 23. Rae1 Kf7 24. h5 Nf8 25. Ne5+ Bxe5 26. Rxe2 Bxf4+ 27. Kf3 Bd6 28. Rxe8 Kxe8 29. Bf4 Nd7 30. Rd1 Nb6 31. b3 Nc8 32. c4 Bxf4 33. Kxf4 Ne7 34. c5 Kd7 35. b4 a6 36. a4 Kd8 37. Rb1 1-0

[Event "Montcalm VI 2004-05"]
[Site "Quebec CAN"]
[Date "2005.04.21"]
[Round "5"]
[White "Caron, Sebastien"]
[Black "Lessard, Claude"]
[Result "0-1"]
[WhiteElo "1863"]
[BlackElo "1868"]
[PlyCount "132"]
[GameId "2160767910965394"]
[EventDate "2005.03.24"]
[EventType "tourn"]
[EventRounds "5"]
[EventCountry "CAN"]

1. d4 Nf6 2. c4 c5 3. d5 b5 4. cxb5 a6 5. e3 g6 6. Nc3 Bg7 7. Nf3 O-O 8. Bc4 axb5 9. Bxb5 d6 10. O-O Ba6 11. Bxa6 Rxa6 12. Bd2 Nbd7 13. Qe2 Qa8 14. e4 Rb8 15. Rfb1 Ng4 16. a3 Rab6 17. Be1 Nge5 18. Nxe5 Nxe5 19. f4 Nd7 20. Qc2 Rb3 21. a4 Bd4+ 22. Kh1 Bxc3 23. Bxc3 Qa6 24. Rd1 c4 25. Qd2 Nc5 26. Qd4 f6 27. e5 Nd7 28. exf6 Nxf6 29. Qe3 Kf8 30. Qe6 Qc8 31. Qe2 R8b7 32. Rac1 Rc7 33. Bxf6 exf6 34. Rc3 Rb4 35. Ra1 Re7 36. Qf2 Qe8 37. Qd4 Re1+ 38. Rxe1 Qxe1+ 39. Qg1 Qe2 40. Re3 Qxb2 41. Qe1 Qb1 42. g3 Qxe1+ 43. Rxe1 Rxa4 44. Kg2 Ra5 45. Rd1 c3 46. Kf3 c2 47. Rc1 Rc5 48. Ke4 Ke7 49. Kd4 Kd7 50. h4 f5 51. Ke3 Kc7 52. Kf3 Kb6 53. Ke3 Rc4 54. Kd3 Kc5 55. Rxc2 Rxc2 56. Kxc2 Kxd5 57. Kd3 h6 58. Ke3 Kc4 59. Kf3 h5 60. Ke3 Kc3 61. Ke2 Kd4 62. Kf3 Kd3 63. Kf2 d5 64. Kf3 d4 65. Kf2 Kc3 66. g4 fxg4 0-1

[Event "Montcalm VI 2004-05"]
[Site "Quebec CAN"]
[Date "2005.04.21"]
[Round "5"]
[White "Dion, Jean-Francois"]
[Black "Sauve, Richard"]
[Result "1-0"]
[WhiteElo "1881"]
[BlackElo "1927"]
[PlyCount "41"]
[GameId "2160767910965395"]
[EventDate "2005.03.24"]
[EventType "tourn"]
[EventRounds "5"]
[EventCountry "CAN"]

1. d4 e6 2. Bf4 d5 3. Nf3 Bd6 4. Bxd6 Qxd6 5. a3 Nd7 6. e3 e5 7. c4 exd4 8. Qxd4 Ngf6 9. Nc3 c6 10. Rd1 O-O 11. Be2 Nc5 12. cxd5 Bf5 13. dxc6 Qxc6 14. O-O Bc2 15. Ne5 Qc7 16. Qd6 Qa5 17. Nc4 Qd8 18. Qxc5 Bxd1 19. Rxd1 Qe8 20. Qc7 Qe6 21. Qxb7 1-0

[Event "Montcalm VI 2004-05"]
[Site "Quebec CAN"]
[Date "2005.04.21"]
[Round "5"]
[White "Hebert, Marc"]
[Black "L'Heureux, Clement"]
[Result "0-1"]
[WhiteElo "1761"]
[BlackElo "1866"]
[PlyCount "64"]
[GameId "2160767910965396"]
[EventDate "2005.03.24"]
[EventType "tourn"]
[EventRounds "5"]
[EventCountry "CAN"]

1. e4 c5 2. f4 Nc6 3. Nf3 d6 4. Nc3 e6 5. Bc4 a6 6. a4 Nf6 7. O-O Nxe4 8. Nxe4 d5 9. Bxd5 exd5 10. Nf2 Be7 11. d4 O-O 12. c3 Re8 13. Ne5 cxd4 14. Nxc6 bxc6 15. Qxd4 a5 16. Be3 Rb8 17. Qd2 Bd6 18. Nd3 Ba6 19. Rf2 Qe7 20. Bd4 Bxd3 21. Qxd3 c5 22. Be5 Bxe5 23. fxe5 Qxe5 24. Rf5 Qe7 25. Qxd5 Rxb2 26. Raf1 Rf8 27. Re5 Rd2 28. Qxc5 Qb7 29. Rg5 h6 30. Rg3 Rd5 31. Qe3 Qc7 32. Qxh6 Qxg3 0-1

[Event "Montcalm VI 2004-05"]
[Site "Quebec CAN"]
[Date "2005.04.21"]
[Round "5"]
[White "Lemieux, Pierre"]
[Black "Lapierre, Gaetan"]
[Result "1-0"]
[WhiteElo "1887"]
[BlackElo "1881"]
[PlyCount "129"]
[GameId "2160767910965397"]
[EventDate "2005.03.24"]
[EventType "tourn"]
[EventRounds "5"]
[EventCountry "CAN"]

1. d4 d6 2. Nf3 g6 3. Bf4 Bg7 4. e3 Nf6 5. h3 c6 6. c3 Qb6 7. Qb3 Be6 8. Qa3 h6 9. Nbd2 O-O 10. Bd3 Nd5 11. Bg3 g5 12. O-O Qd8 13. c4 Nc7 14. Bc2 f5 15. Qd3 Nba6 16. a3 Qe8 17. Rab1 Qg6 18. b4 Rac8 19. a4 h5 20. h4 gxh4 21. Nxh4 Qg4 22. Bd1 Qg5 23. Ndf3 Qh6 24. Bf4 Qf6 25. Ng5 Bd7 26. Bxh5 e5 27. dxe5 dxe5 28. Qxd7 Rcd8 29. Bxe5 Rxd7 30. Bxf6 Bxf6 31. Nhf3 Rg7 32. Nh3 Kh7 33. Nh2 Rh8 34. Bf3 Kg8 35. Kh1 Be5 36. b5 cxb5 37. axb5 Nc5 38. Rbd1 N7e6 39. Bd5 Kf8 40. Nf3 Bf6 41. Bxe6 Nxe6 42. Rd6 Ke7 43. Rfd1 Nc5 44. R6d5 Ne4 45. Nh2 Rxh3 46. Rd7+ Ke6 47. Rxg7 Bxg7 48. Kg1 Rh8 49. Nf3 Rc8 50. Rc1 b6 51. Kf1 Bf6 52. Ke2 Be5 53. Rc2 Rc7 54. Kd3 Rd7+ 55. Nd4+ Bxd4 56. exd4 Kf6 57. f3 Nc5+ 58. Ke3 Re7+ 59. Kd2 Rd7 60. Kc3 Ne6 61. d5 Nc5 62. Kd4 Rd6 63. Re2 f4 64. Re8 Kf7 65. Re5 1-0

[Event "Montcalm VII 2004-05"]
[Site "Quebec CAN"]
[Date "2005.04.28"]
[Round "1"]
[White "Bonneau, Daniel"]
[Black "Bourassa, Andre"]
[Result "1-0"]
[WhiteElo "1930"]
[BlackElo "1623"]
[PlyCount "33"]
[GameId "2160767910968677"]
[EventDate "2005.04.28"]
[EventType "swiss"]
[EventRounds "5"]
[EventCountry "CAN"]

1. e4 c5 2. Nf3 d6 3. d4 cxd4 4. Nxd4 Nf6 5. Nc3 a6 6. Bc4 e6 7. Bb3 Nbd7 8. f4 Nc5 9. f5 Nfxe4 10. fxe6 Qh4+ 11. g3 Nxg3 12. Nf3 Qh5 13. exf7+ Kd7 14. Rg1 Nge4 15. Nd5 Nxb3 16. axb3 Kc6 17. Nd4+ 1-0

[Event "Montcalm VII 2004-05"]
[Site "Quebec CAN"]
[Date "2005.04.28"]
[Round "1"]
[White "Caron, Sebastien"]
[Black "Bagramyan, Arutyun"]
[Result "1-0"]
[WhiteElo "1879"]
[BlackElo "1541"]
[PlyCount "63"]
[GameId "2160767910968678"]
[EventDate "2005.04.28"]
[EventType "swiss"]
[EventRounds "5"]
[EventCountry "CAN"]

1. e4 c5 2. Nf3 Nc6 3. d4 cxd4 4. Nxd4 Nf6 5. Nc3 e5 6. Ndb5 a6 7. Nd6+ Bxd6 8. Qxd6 Qa5 9. Bd2 Qb4 10. Qxb4 Nxb4 11. O-O-O Ng4 12. Be1 b5 13. a3 Nc6 14. Nd5 O-O 15. h3 Nh6 16. Bd2 f5 17. Bxh6 gxh6 18. exf5 Rxf5 19. f3 Rf7 20. Bd3 Ne7 21. Be4 Rb8 22. Rhe1 Bb7 23. Nxe7+ Rxe7 24. Rd6 Bxe4 25. Rxe4 h5 26. Rxa6 d5 27. Re2 Kg7 28. Rd6 d4 29. Rxd4 Kf6 30. Rd6+ Kg5 31. Re4 Rc8 32. Rd5 1-0

[Event "Montcalm VII 2004-05"]
[Site "Quebec CAN"]
[Date "2005.04.28"]
[Round "1"]
[White "Crepault, Francois"]
[Black "Perreault, Jacquelin"]
[Result "1-0"]
[WhiteElo "1536"]
[BlackElo "1758"]
[PlyCount "43"]
[GameId "2160767910968679"]
[EventDate "2005.04.28"]
[EventType "swiss"]
[EventRounds "5"]
[EventCountry "CAN"]

1. Nf3 c5 2. e4 d6 3. d3 Nc6 4. g3 g6 5. Bg2 Bg7 6. O-O e6 7. Re1 Nge7 8. Nbd2 O-O 9. Nf1 Rb8 10. h4 b5 11. h5 b4 12. Ne3 Nd4 13. Ng4 Nec6 14. Bh6 Nxf3+ 15. Bxf3 Nd4 16. Bxg7 Kxg7 17. e5 dxe5 18. Nxe5 Nxf3+ 19. Nxf3 Bb7 20. Qe2 Qf6 21. Qe5 Bxf3 22. h6+ 1-0

[Event "Montcalm VII 2004-05"]
[Site "Quebec CAN"]
[Date "2005.04.28"]
[Round "1"]
[White "Leveille, Philippe"]
[Black "Lemieux, Pierre"]
[Result "0-1"]
[WhiteElo "1593"]
[BlackElo "1886"]
[PlyCount "98"]
[GameId "2160767910968680"]
[EventDate "2005.04.28"]
[EventType "swiss"]
[EventRounds "5"]
[EventCountry "CAN"]

1. e4 e6 2. d4 d5 3. e5 c5 4. c3 cxd4 5. cxd4 a6 6. Nf3 Nc6 7. Be2 Bb4+ 8. Bd2 Qb6 9. Bxb4 Qxb4+ 10. Qd2 Nge7 11. O-O Qxd2 12. Nbxd2 Nf5 13. Nb3 h5 14. Bd3 Nce7 15. Rac1 Bd7 16. Rc3 O-O 17. Nc5 Bc6 18. Bxf5 Nxf5 19. Rfc1 Rfc8 20. h4 Ne7 21. a3 b6 22. Nd3 Bb5 23. Rxc8+ Rxc8 24. Rxc8+ Nxc8 25. Nf4 g6 26. g3 Ne7 27. Ng2 Nc6 28. Nf4 Ba4 29. Ne2 Bd1 30. Kf1 Na5 31. Ke1 Bxe2 32. Kxe2 Nc4 33. Kd3 Nxb2+ 34. Kc2 Nc4 35. Kb3 Kf8 36. Ne1 Ke7 37. Nd3 Kd7 38. Nb2 Nxb2 39. Kxb2 Kc6 40. Kc3 Kb5 41. Kb3 Ka5 42. f3 Kb5 43. g4 Ka5 44. gxh5 gxh5 45. f4 Kb5 46. a4+ Ka5 47. Ka3 b5 48. axb5 Kxb5 49. Kb3 a5 0-1

[Event "Montcalm VII 2004-05"]
[Site "Quebec CAN"]
[Date "2005.05.05"]
[Round "2"]
[White "Cummins, Paul"]
[Black "Caron, Sebastien"]
[Result "1-0"]
[WhiteElo "1693"]
[BlackElo "1879"]
[PlyCount "96"]
[GameId "2160767910968681"]
[EventDate "2005.04.28"]
[EventType "swiss"]
[EventRounds "5"]
[EventCountry "CAN"]

1. d4 Nf6 2. Bg5 Ne4 3. Bf4 f5 4. f3 Nf6 5. e4 d6 6. Bd3 e6 7. Qd2 Nc6 8. Ne2 Be7 9. exf5 exf5 10. O-O Nd5 11. Bg3 Bg5 12. f4 Bf6 13. Bb5 Bd7 14. Re1 Kf8 15. Bc4 Nde7 16. Nbc3 Na5 17. Bd3 d5 18. Nxd5 Nxd5 19. Qxa5 c6 20. Qd2 Qb6 21. c3 Rd8 22. Bf2 Qc7 23. g3 Rg8 24. c4 Ne7 25. Rac1 Qd6 26. c5 Qc7 27. Bc4 Nd5 28. Nc3 Be8 29. Qe2 g5 30. fxg5 Bxg5 31. Nxd5 cxd5 32. Bxd5 Bf7 33. Bxf7 Qxf7 34. Rc3 Bf6 35. Rf3 Qd7 36. Qd3 Bxd4 37. Bxd4 Qxd4+ 38. Qxd4 Rxd4 39. Rxf5+ Kg7 40. Re7+ Kg6 41. Rf2 Rb4 42. c6 bxc6 43. Re6+ Kg5 44. Rxc6 h5 45. h4+ Kg4 46. Kg2 a5 47. b3 Re4 48. Rcf6 Rf8 1-0

[Event "Montcalm VII 2004-05"]
[Site "Quebec CAN"]
[Date "2005.05.05"]
[Round "2"]
[White "Dumont, Eric"]
[Black "Audet-Bouchard, Nicolas"]
[Result "0-1"]
[WhiteElo "1632"]
[BlackElo "2104"]
[PlyCount "70"]
[GameId "2160767910968682"]
[EventDate "2005.04.28"]
[EventType "swiss"]
[EventRounds "5"]
[EventCountry "CAN"]

1. e4 c5 2. Nc3 Nc6 3. f4 g6 4. Nf3 Bg7 5. Bb5 Nd4 6. e5 Nxb5 7. Nxb5 a6 8. Nc3 d5 9. O-O Bg4 10. b3 e6 11. h3 Bxf3 12. Qxf3 h5 13. g3 Ne7 14. Bb2 Nf5 15. Ne2 Rc8 16. Kh2 Bf8 17. c4 dxc4 18. Qxb7 Be7 19. Qxa6 cxb3 20. Qb5+ Kf8 21. Bc3 bxa2 22. Rxa2 Qd5 23. Ra7 Qe4 24. Rf2 Kg7 25. Ng1 c4 26. Rf3 Rb8 27. Qd7 Rb1 28. d3 cxd3 29. Qxd3 Qxd3 30. Rxd3 Bc5 31. Rxf7+ Kxf7 32. Nf3 Be7 33. Rd7 Rc8 34. g4 Rxc3 35. Ng5+ Ke8 0-1

[Event "Montcalm VII 2004-05"]
[Site "Quebec CAN"]
[Date "2005.05.05"]
[Round "2"]
[White "Fortier, Bertrand"]
[Black "Filiatrault, Alexandre"]
[Result "0-1"]
[WhiteElo "1650"]
[BlackElo "1746"]
[PlyCount "32"]
[GameId "2160767910968683"]
[EventDate "2005.04.28"]
[EventType "swiss"]
[EventRounds "5"]
[EventCountry "CAN"]

1. c4 Nf6 2. g3 g6 3. Bg2 Bg7 4. d4 c5 5. e3 O-O 6. Ne2 d6 7. Nbc3 Nbd7 8. O-O Rb8 9. dxc5 Nxc5 10. e4 Be6 11. Qc2 Bxc4 12. Rd1 Qb6 13. Be3 Ng4 14. Bc1 Nxf2 15. Rd2 Ncxe4 16. Na4 Nh3+ 0-1

[Event "Montcalm VII 2004-05"]
[Site "Quebec CAN"]
[Date "2005.05.05"]
[Round "2"]
[White "Lemieux, Pierre"]
[Black "Girard, Bruno"]
[Result "1/2-1/2"]
[WhiteElo "1886"]
[BlackElo "1707"]
[PlyCount "134"]
[GameId "2160767910968684"]
[EventDate "2005.04.28"]
[EventType "swiss"]
[EventRounds "5"]
[EventCountry "CAN"]

1. d4 d5 2. Nf3 Nf6 3. h3 c5 4. c3 Nc6 5. Bf4 Qb6 6. Qb3 c4 7. Qxb6 axb6 8. Na3 Ra5 9. Bc7 Nd7 10. e4 e6 11. exd5 exd5 12. Nc2 Be7 13. Be2 O-O 14. O-O Ra7 15. Ne3 Nf6 16. Bxb6 Ra6 17. Bc7 b5 18. a3 Be6 19. Ng5 Rc8 20. Nxe6 fxe6 21. Bh2 Rca8 22. Nc2 Na5 23. Rfe1 Nb3 24. Rad1 Rf8 25. Bf3 Re8 26. Re2 Bd6 27. Bxd6 Rxd6 28. Rde1 Na5 29. Ne3 Kf7 30. Nf1 Nc6 31. Nd2 Rd7 32. Bg4 Rde7 33. f4 g6 34. Bf3 h6 35. g4 g5 36. fxg5 hxg5 37. Bg2 Kg6 38. Nf3 Ne4 39. Ne5+ Nxe5 40. Bxe4+ dxe4 41. dxe5 Rd8 42. Rxe4 Rd2 43. R4e2 Red7 44. Rf2 R7d3 45. Rxd2 Rxd2 46. Rb1 Re2 47. Kf1 Rxe5 48. Re1 Kf6 49. Rxe5 Kxe5 50. Ke2 Ke4 51. Kd2 Kf3 52. b3 cxb3 53. c4 bxc4 54. a4 Ke4 55. h4 gxh4 56. a5 Kd5 57. a6 Kc6 58. g5 h3 59. g6 h2 60. a7 Kb7 61. g7 h1=Q 62. g8=Q Kxa7 63. Qxe6 Qh2+ 64. Kc3 Qc7 65. Qe3+ Ka6 66. Qe6+ Kb5 67. Qd5+ Ka6 1/2-1/2

[Event "Montcalm VII 2004-05"]
[Site "Quebec CAN"]
[Date "2005.05.12"]
[Round "3"]
[White "Audet-Bouchard, Nicolas"]
[Black "Cummins, Paul"]
[Result "1-0"]
[WhiteElo "2104"]
[BlackElo "1693"]
[PlyCount "55"]
[GameId "2160767910968685"]
[EventDate "2005.04.28"]
[EventType "swiss"]
[EventRounds "5"]
[EventCountry "CAN"]

1. e4 c5 2. Nf3 d6 3. d4 cxd4 4. Nxd4 Nf6 5. Nc3 g6 6. Be3 Bg7 7. Qd2 Nc6 8. f3 O-O 9. Bc4 Bd7 10. O-O-O Qa5 11. h4 Rfc8 12. Bb3 Ne5 13. g4 Nc4 14. Bxc4 Rxc4 15. Nb3 Qa6 16. h5 Rac8 17. hxg6 fxg6 18. e5 Rxc3 19. bxc3 Nxg4 20. fxg4 Bxg4 21. Rdg1 Bf3 22. Rh3 Qa3+ 23. Kb1 Be4 24. Rh4 Bf5 25. Bd4 dxe5 26. Bxe5 Bxc2+ 27. Qxc2 Bxe5 28. Rxg6+ 1-0

[Event "Montcalm VII 2004-05"]
[Site "Quebec CAN"]
[Date "2005.05.12"]
[Round "3"]
[White "Caron, Sebastien"]
[Black "Lemieux, Pierre"]
[Result "1/2-1/2"]
[WhiteElo "1879"]
[BlackElo "1886"]
[PlyCount "90"]
[GameId "2160767910968686"]
[EventDate "2005.04.28"]
[EventType "swiss"]
[EventRounds "5"]
[EventCountry "CAN"]

1. e4 e6 2. d4 d5 3. Nd2 Nf6 4. e5 Nfd7 5. f4 c5 6. c3 cxd4 7. cxd4 Qa5 8. Bd3 Nc6 9. Ne2 f5 10. O-O Be7 11. Kh1 Nf8 12. Nb3 Qb6 13. Be3 Bd7 14. Nc3 O-O-O 15. Na4 Qb4 16. Nc3 Qb6 17. a3 Kb8 18. Na4 Qc7 19. Rc1 Rc8 20. Nbc5 Ka8 21. b4 Qd8 22. Rf2 g5 23. b5 Na5 24. Rb2 gxf4 25. Bxf4 Ng6 26. Bd2 Bxc5 27. Nxc5 Nc4 28. Bxc4 dxc4 29. Qf3 Qc7 30. Ba5 Nxe5 31. Qc3 b6 32. Na6 Qb7 33. dxe5 bxa5 34. Qxa5 Rhg8 35. Qc3 Rg7 36. Qf3 Bc6 37. bxc6 Qxb2 38. c7+ Qb7 39. Rb1 Rgxc7 40. Rxb7 Rxb7 41. h3 c3 42. Nb4 c2 43. Nxc2 Rxc2 44. a4 Kb8 45. Qd1 Rbc7 1/2-1/2

[Event "Montcalm VII 2004-05"]
[Site "Quebec CAN"]
[Date "2005.05.12"]
[Round "3"]
[White "Crepault, Francois"]
[Black "Bourassa, Andre"]
[Result "1-0"]
[WhiteElo "1536"]
[BlackElo "1623"]
[PlyCount "75"]
[GameId "2160767910968687"]
[EventDate "2005.04.28"]
[EventType "swiss"]
[EventRounds "5"]
[EventCountry "CAN"]

1. e4 c5 2. Nf3 d6 3. d3 Nc6 4. g3 Nf6 5. Bg2 e5 6. O-O Be7 7. h3 Bd7 8. c3 Qc7 9. Re1 O-O 10. d4 cxd4 11. cxd4 exd4 12. Nxd4 Qb6 13. Nb3 Be6 14. Be3 Qc7 15. Nc3 a6 16. Rc1 Rac8 17. Nd5 Qb8 18. Rxc6 Nxd5 19. Rxc8 Nxe3 20. Rxb8 Nxd1 21. Rxf8+ Kxf8 22. Rxd1 Ke8 23. e5 b6 24. exd6 Bf6 25. Bc6+ Kd8 26. Bd5 Bxh3 27. Bxf7 Bxb2 28. d7 Bf6 29. Be8 Kc7 30. Rc1+ Kd6 31. Nd2 Bd8 32. Nc4+ Ke6 33. Re1+ Kf6 34. Nd6 Be6 35. Nb7 Be7 36. a3 Bxd7 37. Bxd7 Bxa3 38. Re6+ 1-0

[Event "Montcalm VII 2004-05"]
[Site "Quebec CAN"]
[Date "2005.05.12"]
[Round "3"]
[White "Filiatrault, Alexandre"]
[Black "Benoit, Sebastien"]
[Result "0-1"]
[WhiteElo "1746"]
[BlackElo "1742"]
[PlyCount "76"]
[GameId "2160767910968688"]
[EventDate "2005.04.28"]
[EventType "swiss"]
[EventRounds "5"]
[EventCountry "CAN"]

1. e4 c5 2. Nc3 Nc6 3. f4 g6 4. Bb5 Nd4 5. Nf3 a6 6. Bc4 Bg7 7. d3 e6 8. O-O b5 9. Bb3 Ne7 10. Nxd4 Bxd4+ 11. Kh1 O-O 12. Ne2 Bg7 13. c3 Bb7 14. f5 exf5 15. Ng3 fxe4 16. Nxe4 c4 17. Nc5 Bxg2+ 18. Kxg2 cxb3 19. Qxb3 Qc7 20. d4 d6 21. Nd3 Qc6+ 22. Kg1 Nf5 23. Bg5 Rae8 24. Rae1 h6 25. Bf4 Nh4 26. d5 Qd7 27. Qd1 Qh3 28. Rf2 Rxe1+ 29. Nxe1 Nf5 30. Qd2 Re8 31. Re2 Qg4+ 32. Rg2 Rxe1+ 33. Qxe1 Qxf4 34. Qe8+ Kh7 35. Qxf7 Qc1+ 36. Kf2 Qxb2+ 37. Kg1 Qc1+ 38. Kf2 Qd2+ 0-1

[Event "Montcalm VII 2004-05"]
[Site "Quebec CAN"]
[Date "2005.05.12"]
[Round "3"]
[White "Girard, Bruno"]
[Black "Fortier, Bertrand"]
[Result "0-1"]
[WhiteElo "1707"]
[BlackElo "1650"]
[PlyCount "98"]
[GameId "2160767910968689"]
[EventDate "2005.04.28"]
[EventType "swiss"]
[EventRounds "5"]
[EventCountry "CAN"]

1. e4 c6 2. d4 d5 3. Nc3 dxe4 4. Nxe4 Nf6 5. Nxf6+ exf6 6. Bc4 Be7 7. Ne2 b5 8. Bb3 a5 9. a4 b4 10. O-O O-O 11. Ng3 Qc7 12. c3 c5 13. Be3 Rd8 14. Qh5 g6 15. Bxf7+ Kxf7 16. Qxh7+ Ke6 17. Qxg6 Kd7 18. dxc5 Bb7 19. Qf5+ Ke8 20. Nh5 Qc6 21. Qg6+ Kd7 22. Rfd1+ Kc8 23. Rxd8+ Bxd8 24. Rd1 Nd7 25. Bf4 Qxa4 26. Qg4 bxc3 27. bxc3 f5 28. Qe2 Qe4 29. Qxe4 fxe4 30. Ng7 Nxc5 31. Ne8 Be7 32. Nc7 Ra7 33. Nb5 Ra6 34. h4 Nd3 35. Bg3 a4 36. Ra1 a3 37. h5 Bc6 38. Nd4 Kb7 39. Nf5 Bf6 40. Nd6+ Ka8 41. Nc4 a2 42. Be5 Nxe5 43. Nb2 Nd3 44. Nd1 Nb4 45. g4 Nc2 46. Rxa2 Rxa2 47. h6 Ra1 48. h7 Rxd1+ 49. Kh2 e3 0-1

[Event "Montcalm VII 2004-05"]
[Site "Quebec CAN"]
[Date "2005.05.19"]
[Round "4"]
[White "Bourassa, Andre"]
[Black "Leclerc, Jean-Francois"]
[Result "1/2-1/2"]
[WhiteElo "1623"]
[BlackElo "1530"]
[PlyCount "83"]
[GameId "2160767910968690"]
[EventDate "2005.04.28"]
[EventType "swiss"]
[EventRounds "5"]
[EventCountry "CAN"]

1. d4 d5 2. c4 dxc4 3. e4 e5 4. d5 c6 5. Bxc4 Nf6 6. Qb3 cxd5 7. exd5 Bd6 8. Nc3 a6 9. a4 O-O 10. Be3 Nbd7 11. Nge2 Re8 12. O-O Qc7 13. Ng3 e4 14. Rac1 Nc5 15. Qc2 Bxg3 16. fxg3 Qd6 17. Bf4 Qb6 18. Qf2 Ng4 19. Qd4 Nxa4 20. Qxb6 Nxb6 21. Ba2 Nd7 22. Rce1 Ngf6 23. Re3 b5 24. b4 Bb7 25. Rfe1 Nb6 26. Nxe4 Nxe4 27. Rxe4 Rxe4 28. Rxe4 Nxd5 29. Bxd5 Bxd5 30. Rd4 Be6 31. Bc7 Kf8 32. Rd8+ Rxd8 33. Bxd8 Ke8 34. Bb6 Kd7 35. Kf2 Kc6 36. Ba5 Kd5 37. Ke3 Kc4 38. Kf3 f6 39. h3 h5 40. Ke3 g5 41. Kf2 f5 42. Ke3 1/2-1/2

[Event "Montcalm VII 2004-05"]
[Site "Quebec CAN"]
[Date "2005.05.19"]
[Round "4"]
[White "Cummins, Paul"]
[Black "Leveille, Philippe"]
[Result "1-0"]
[WhiteElo "1693"]
[BlackElo "1593"]
[PlyCount "43"]
[GameId "2160767910968691"]
[EventDate "2005.04.28"]
[EventType "swiss"]
[EventRounds "5"]
[EventCountry "CAN"]

1. d4 d5 2. e4 dxe4 3. Nc3 Nf6 4. Bg5 Bf5 5. f3 exf3 6. Nxf3 Nbd7 7. Nh4 Bg6 8. Nxg6 hxg6 9. Qf3 c6 10. O-O-O e6 11. Bc4 Be7 12. Rhe1 O-O 13. Qh3 Nd5 14. Bxe7 Qxe7 15. Ne4 N7b6 16. Bb3 Rfd8 17. Qg3 Nf6 18. Ng5 Qd6 19. Qh4 Nh5 20. g3 Re8 21. Rf1 Re7 22. g4 1-0

[Event "Montcalm VII 2004-05"]
[Site "Quebec CAN"]
[Date "2005.05.19"]
[Round "4"]
[White "Dumont, Eric"]
[Black "Caron, Sebastien"]
[Result "1-0"]
[WhiteElo "1632"]
[BlackElo "1879"]
[PlyCount "51"]
[GameId "2160767910968692"]
[EventDate "2005.04.28"]
[EventType "swiss"]
[EventRounds "5"]
[EventCountry "CAN"]

1. f4 Nf6 2. Nc3 c6 3. Nf3 d5 4. e3 g6 5. b3 Bg7 6. Bb2 Ne4 7. Ne5 Nd6 8. Be2 Nd7 9. Nf3 O-O 10. O-O e5 11. fxe5 Nxe5 12. Rb1 Nxf3+ 13. Bxf3 Qg5 14. Ne2 Nf5 15. Bxg7 Kxg7 16. Nf4 Nh4 17. Rf2 h5 18. Be2 Rh8 19. Qc1 Qe7 20. Qb2+ Kh7 21. Rbf1 Rf8 22. Bxh5 g5 23. Ne2 Be6 24. Qe5 Rae8 25. Rf6 Nxg2 26. Qxg5 1-0